Analýza inflace v české ekonomice pomocí P-STAR modelu

Charakteristika modelu P-STAR - modelu inflácie ako relatívne jednoduchého indikátora inflačných tlakov. Konštrukcia modelu P-STAR. Vývoj cenových medzier v ČR 1994-2000. Verzia P-STAR modelu inflácie pre ČR a jeho odhady. Test stability odhadnutých koeficientov. Postupy výpočtov.

Saved in:
Bibliographic Details
Main Author: Kulhánek, Lumír
Other Authors: Melecký, Martin
Format: Book Chapter
Language:Czech
Subjects:
Tags: Add Tag
No Tags, Be the first to tag this record!

MARC

LEADER 00000naa a2200000 4500
001 r044935
005 20231004075501.1
041 0 |a cze 
044 |a CZ 
245 1 0 |a Analýza inflace v české ekonomice pomocí P-STAR modelu  |c Lumír Kulhánek, Martin Melecký 
520 |a Charakteristika modelu P-STAR - modelu inflácie ako relatívne jednoduchého indikátora inflačných tlakov. Konštrukcia modelu P-STAR. Vývoj cenových medzier v ČR 1994-2000. Verzia P-STAR modelu inflácie pre ČR a jeho odhady. Test stability odhadnutých koeficientov. Postupy výpočtov. 
610 2 0 |a modely ekonometrické 
610 2 0 |a inflácia 
610 2 0 |a P-STAR 
610 2 0 |a hladina cenová 
610 2 0 |a Česko 
610 2 0 |a odhady 
100 1 |a Kulhánek, Lumír 
700 1 |a Melecký, Martin